000 01257nam a2200229Ia 4500
008 0000001981 pr ad 0000000000spa00
090 _aPPR00 R62t
100 1 _aRodríguez, Myrna
245 1 0 _aTrilogia
_b: J. Reyes, C. Sobrino, J.R. Velázquez
_c/ textos Myrna Rodríguez ; fotografías René Taylor, Antonio de Jesús
300 _a[16] p.
_c/ 22
500 _aExposición realizada en Museo de Arte de Ponce, julio 24 a agosto 31 de 1981 \ Incluye datos biográficos de los artistas \ Registro auspiciado por la FGAA. Bogotá
501 _aJoaquin Reyes / Myrna Rodríguez Panorama de Carmelo Sobrino / Haydee Venegas Juan Ramón Velázquez y el triunfo de lo irracional
600 0 0 _aREYES, JOAQUIN, 1949/
_xTRABAJOS PICTORICOS \ SOBRINO, CARMELO, 1948/
_xTRABAJOS PICTORICOS \ VELAZQUEZ, JUAN RAMON, 1950/
_xTRABAJOS PICTORICOS
650 1 4 _aARTE CONTEMPORANEO PUERTORRIQUEÑO
650 1 4 _aARTISTAS PLASTICOS PUERTORRIQUEÑOS
650 1 4 _xCATALOGOS
650 1 4 _xEXPOSICIONES
650 1 4 _aPINTORES PUERTORRIQUEÑOS
650 1 4 _aPINTURA PUERTORRIQUEÑA
700 1 _aRuiz de la Mata, Ernesto J. \ Venegas, Haydee \ Taylor, René \ Jesús, Antonio de
999 _c11067
_d11067
260 _aPonce (Puerto Rico) : Museo de Arte de Ponce
_c1981